Przedsiebiorstwa gospodarujace dla dobra ogólu w Republice Federalnej Niemiec.
Terminologické zásady. Hlavný typ verejnoprospešných podnikov. Činnosť vo sfére infraštruktúry. Hospodárske odvetvia a hlavné organizácie. Príklad vývoja takýchto podnikov, ich charakteristické črty a vývojové tendencie.
Salvato in:
| Autore principale: | |
|---|---|
| Natura: | Capitolo di libro |
| Lingua: | polacco |
| Soggetti: | |
| Tags: |
Nessun Tag, puoi essere il primo ad aggiungerne!!
|
MARC
| LEADER | 00000naa a2200000 4500 | ||
|---|---|---|---|
| 001 | r003904 | ||
| 005 | 20220819194545.6 | ||
| 041 | 0 | |a pol | |
| 044 | |a PL | ||
| 245 | 1 | 0 | |a Przedsiebiorstwa gospodarujace dla dobra ogólu w Republice Federalnej Niemiec. |c P. Eichhorn |
| 520 | |a Terminologické zásady. Hlavný typ verejnoprospešných podnikov. Činnosť vo sfére infraštruktúry. Hospodárske odvetvia a hlavné organizácie. Príklad vývoja takýchto podnikov, ich charakteristické črty a vývojové tendencie. | ||
| 610 | 2 | 0 | |a podnik |
| 610 | 2 | 0 | |a Nemecko |
| 610 | 2 | 0 | |a sektor verejný |
| 610 | 2 | 0 | |a infraštruktúra |
| 610 | 2 | 0 | |a odvetvia činnosti ekonomickej |
| 100 | 1 | |a Eichhorn, P. | |